|
|
|
|
| LEADER |
00000nam1a2200000 4500 |
| 001 |
292470 |
| 005 |
20231102000510.0 |
| 020 |
|
|
|a RU
|b 83-81096
|
| 035 |
|
|
|a (RuTPU)RU\TPU\book\317090
|
| 090 |
|
|
|a 292470
|
| 100 |
|
|
|a 20150422d1983 k y0rusy5003 ca
|
| 101 |
0 |
|
|a rus
|
| 102 |
|
|
|a AM
|
| 200 |
1 |
|
|a Минеральные ассоциации и минералы месторождений Зангезурского рудного района
|f К. А. Карамян
|g Академия наук Армянской ССР (АН АрмССР), Институт геологических наук (ИГН)
|
| 210 |
|
|
|a Ереван
|c Изд-во АН АрмССР
|d 1983
|
| 215 |
|
|
|a 227 с.
|c ил.
|
| 320 |
|
|
|a Библиогр.: с. 221-226
|
| 606 |
|
|
|a Медно-молибденовые месторождения
|2 stltpush
|3 (RuTPU)RU\TPU\subj\41819
|9 61596
|
| 610 |
1 |
|
|a минеральный состав
|
| 610 |
1 |
|
|a вещественный состав
|
| 610 |
1 |
|
|a рудные районы
|
| 610 |
1 |
|
|a геологическое строение
|
| 610 |
1 |
|
|a магматизм
|
| 610 |
1 |
|
|a минеральные ассоциации
|
| 610 |
1 |
|
|a образование
|
| 610 |
1 |
|
|a минералы
|
| 610 |
1 |
|
|a геохимические особенности
|
| 675 |
|
|
|a 553.462
|v 3
|
| 700 |
|
1 |
|a Карамян
|b К. А.
|g Константин Андраникович
|
| 712 |
0 |
2 |
|a Академия наук Армянской ССР (АН АрмССР)
|b Институт геологических наук (ИГН)
|2 stltpush
|3 (RuTPU)RU\TPU\col\12969
|
| 801 |
|
0 |
|a RU
|b RuMRKP
|c 19950704
|g psbo
|
| 801 |
|
1 |
|a RU
|b 63413507
|c 20150422
|
| 801 |
|
2 |
|a RU
|b 63413507
|c 20181214
|g RCR
|
| 942 |
|
|
|c BK
|